U.S. and Japanese economic growth, 1952-1974 (Registro nro. 26582)

Detalles MARC
000 -LEADER
fixed length control field 00367 a2200121 4500
001 - CONTROL NUMBER
control field ART_12689
005 - DATE AND TIME OF LATEST TRANSACTION
control field 20260410161908.0
008 - FIXED-LENGTH DATA ELEMENTS--GENERAL INFORMATION
fixed length control field 260409a
100 1# - MAIN ENTRY--PERSONAL NAME
Personal name Jorgenson, Dale W.
245 10 - TITLE STATEMENT
Title U.S. and Japanese economic growth, 1952-1974
700 1# - ADDED ENTRY--PERSONAL NAME
Personal name Nishimizu, Mieko
773 0# - HOST ITEM ENTRY
Title The Economic Journal
Related parts - Vol. 88, Nº 352 (dic. 1978)
Record control number REV12512

No hay ítems disponibles.